Statistics for A Quiz About Italian Composers

Click here to take the quiz!

General Stats

  • This quiz has been taken 64 times
  • The average score is 13 of 20

Answer Stats

hintcomposer% Correct
Baroque composer (1678-1741), died in povertyAntonio {Vivaldi}
93%
RigolettoGiuseppe {Verdi}
93%
Madama ButterflyGiacomo {Puccini}
88%
19th century composer (1792-1868), died wealthyGioachino {Rossini}
87%
Mozart's rival, according to AmadeusAntonio {Salieri}
82%
Solo violin Caprice No 24 in A minorNiccolò {Paganini}
80%
L'Orfeo and much sacred musicClaudio {Monteverdi}
72%
1978 FIFA World Cup themeEnnio {Morricone}
70%
555 keyboard sonatasDomenico {Scarlatti}
67%
Fountains of RomeOttorino {Respighi}
62%
Figaro the Spanish haircutterThe Barber of Seville
62%
Most famous work (or works, take your pick) in 12 movementsThe Four Seasons
60%
Guillaume shoots the fruit, to Jemmy's reliefWilliam Tell
58%
Lucia di LammermoorGaetano {Donizetti}
57%
Adagio in G Minor, though his biographer may have written itTomaso {Albinoni}
57%
Masses of masses, offertories and madrigalsGiovanni Pierluigi da {Palestrina}
55%
CindarellaLa {Cenerentola}
45%
String Quintet in ELuigi {Boccherini}
45%
Its Italian nameLe Quattro Stagioni
28%
American TV show that used ^^^'s overtureThe Lone Ranger
18%

Score Distribution

Percentile by Number Answered

Percent of People with Each Score

Your Score History

You have not taken this quiz